[Event "Niederbayern-ch MK 49th"]
[Site "Vilshofen"]
[Date "2008.??.??"]
[Round "4"]
[White "Viertlboeck, Johann"]
[Black "Vaclavik, Marek"]
[Result "1/2-1/2"]
[WhiteElo "1707"]
[BlackElo "1423"]
[PlyCount "81"]
[EventDate "2008.??.??"]
[EventType "swiss"]
[EventRounds "7"]
[EventCountry "GER"]
[SourceTitle "EXT 2010"]
[Source "ChessBase"]
[SourceDate "2010.11.25"]
[SourceVersion "1"]
[SourceVersionDate "2010.11.25"]
[SourceQuality "1"]

1. e4 e5 2. Nf3 Nc6 3. Bc4 Nf6 4. Ng5 d5 5. exd5 Nb4 6. Nc3 Bd6 7. a3 Nbxd5 8. Nxf7 Kxf7 9. Nxd5 Be6 10. Ne3 Bxc4 11. Nxc4 Rf8 12. Nxd6+ cxd6 13. 0-0 Kg8 14. d3 Qe8 15. c3 b6 16. Bg5 Nd7 17. d4 Qg6 18. Be7 Rf7 19. Qb3 Re8 20. Bh4 exd4 21. cxd4 Qe4 22. Bg3 Qe6 23. Qxe6 Rxe6 24. Rfe1 Rfe7 25. Rxe6 Rxe6 26. Kf1 Nf6 27. Re1 Kf7 28. Rxe6 Kxe6 29. Ke2 Kd5 30. Kd3 Nh5 31. b3 a6 32. Ke3 g6 33. f4 Ng7 34. Kd3 Ne6 35. b4 b5 36. h4 Nxd4 37. Bf2 Nf5 38. g4 Ng7 39. Bg3 h6 40. Bf2 h5 41. g5 1/2-1/2

[Event "Niederbayernliga 0304"]
[Site "Germany"]
[Date "2004.??.??"]
[Round "7"]
[White "Bock, Ortwin"]
[Black "Vaclavik, Marek"]
[Result "1/2-1/2"]
[WhiteElo "1877"]
[BlackElo "1303"]
[PlyCount "134"]
[EventDate "2003.??.??"]
[EventType "team"]
[EventRounds "9"]
[EventCountry "GER"]
[SourceTitle "EXT 2008"]
[Source "ChessBase"]
[SourceDate "2007.11.25"]
[SourceVersion "1"]
[SourceVersionDate "2007.11.25"]
[SourceQuality "1"]
[WhiteTeam "Landshut"]
[BlackTeam "Haselbach"]
[WhiteTeamCountry "GER"]
[BlackTeamCountry "GER"]

1. Nf3 Nc6 2. d4 d5 3. Bf4 Nf6 4. e3 a6 5. c4 b6 6. Nc3 Bb7 7. Be2 e6 8. 0-0 Bd6 9. Ne5 0-0 10. cxd5 exd5 11. Bf3 Ne7 12. Qc2 c5 13. dxc5 Bxc5 14. Rfd1 Rc8 15. Qb3 Ba8 16. Rac1 b5 17. a4 b4 18. Ne2 Qb6 19. Nd3 Ne4 20. Bxe4 dxe4 21. Nxc5 Rxc5 22. Rxc5 Qxc5 23. Bd6 Qg5 24. Qxb4 Rd8 25. Rc1 Nc6 26. Qc5 Qxc5 27. Bxc5 Rd2 28. Nd4 h6 29. Nxc6 Bxc6 30. Bd4 Bxa4 31. Rc8+ Kh7 32. h3 Rd1+ 33. Kh2 Rd2 34. Kg3 Rc2 35. Bc3 Kg6 36. Rc4 Bb5 37. Rxe4 f6 38. Re7 Rc1 39. e4 Rd1 40. e5 Rd7 41. Re6 Kf7 42. Rb6 fxe5 43. Bxe5 Re7 44. f4 g6 45. Rf6+ Kg7 46. h4 h5 47. Kf3 Kh7 48. Rf8 Re8 49. Rf7+ Kh6 50. Bg7+ Kh7 51. Bf6+ Kg8 52. Rg7+ Kf8 53. Rxg6 Kf7 54. f5 Re6 55. fxe6+ Kxg6 56. Bg5 Kf5 57. e7 Be8 58. b4 Bb5 59. Be3 Bc6+ 60. Kf2 Be8 61. g3 Bc6 62. Bg5 Be8 63. Ke3 Ke5 64. Bf4+ Kd5 65. g4 hxg4 66. Kf2 Ke4 67. Kg3 Kf5 1/2-1/2